000 00957nam a2200217Ia 4500
003 GCL
008 140319s9999 xx 000 0 ara d
040 _aGCL /
_cGCL
082 0 4 _aم
_b924
_bق ا
100 1 _aالقفطى : جمال الدين ابو الحسن على بن يوسف بن ابراهيم بن عبدالواحد بن موسى الشيبانى
245 1 0 _aانباه الرواة على انباه النحاة /
_cالقفطى : جمال الدين ابو الحسن على بن يوسف بن ابراهيم بن عبدالواحد بن موسى الشيبانى
700 1 _aمحمد ابوالفضل ابراهيم
250 _aالاولى
260 _aالقاهرة :
_bدار الكتب المصرية ،
_c1955
300 _aمتعدد ؛
_c24سم
650 0 4 _aالادب العربى
650 0 4 _aاللغة العربية
650 0 4 _aالادباء العرب
650 0 4 _aاللغويون
942 _2ddc
_cREF
999 _c59356
_d59356